000 00400pab a2200169 454500
008 180718b1999 xxu||||| |||| 00| 0 eng d
100 _aReddy, Rammanohar C.
245 _aOn the edge of a fiscal abyss
260 _c1999
300 _ap.10
362 _a28 Feb
650 _aBudget - India
650 _aPublic finance - India
650 _aPublic finance
773 _aHindu
909 _a40948
999 _c40948
_d40948